000 00424nam a22001697a 4500
003 OSt
008 250409b |||||||| |||| 00| 0 eng d
020 _a9789354422911
082 _a820.994 SHS
100 _aSHARRAD, Paul
245 _aShort History of Australian Literature
250 _aIst. ed.,
260 _aTelangana, India,
_bOrient BlackSwan,
_c2024,
300 _a342 p.
650 _aEnglish
942 _2ddc
_cBK
999 _c13252
_d13252